000 00646nam a2200181 a 4500
001 000046519
005 20240226142544.0
008 150821s2015 dr 000 0 spa d
020 _a9789945589818
040 _aDO-SdBNP
_bspa
_cBNPHU
082 _axxxxxxxxx
_bxxxxxxxxx
100 1 _aÁvila, Lucivel
_974506
245 1 0 _aComunicación política para líderes del siglo XXI :
_bmanual básico /
_cLucivel Ávila ; prólogo José Miguel Soto Jiménez.
260 _aSanto Domingo :
_bSantuario,
_c2015.
300 _a201 p. :
_bil., ;
_c23 cm.
504 _aBibliografías p. 171-180
700 1 _aSoto Jiménez, José Miguel,
_d1956-
_epról.
_911668
999 _c46008
_d46008